| 000 | 00000nam 2200000za 4500 |
| 001 | 9.664130 |
| 003 | CaOODSP |
| 005 | 20210615121426 |
| 007 | ta |
| 008 | 150407|2002||||xxc||||| f|0| 0 fre d |
| 020 | |a0-662-66906-1 |
| 040 | |aCaOODSP|bfre |
| 041 | |aeng |
| 041 | |afre |
| 043 | |an-cn--- |
| 086 | 1 |aH21-183/2002 |
| 110 | 1 |aCanada.|bDéveloppement des ressources humaines Canada. |
| 245 | 10|aActivités et dépenses relatives au développement de la petite enfance : |brapport 2001-2002 du gouvernement du Canada / |cPublié conjointement par Santé Canada et Affaires indiennes et du Nord Canada. |
| 260 | |aOttawa - Ontario : |bDéveloppement des ressources humaines Canada |c2002. |
| 300 | |aTexte français, 108p. : |bfigures, ill., tableaux ; |c28 cm. |
| 500 | |aEn tête du titre: Entente fédérale-provinciale-territoriale sur le développement de la petite enfance. |
| 563 | |aCouverture souple |
| 590 | |a03-29|b2003-07-18 |
| 691 | 07|aÉducation préscolaire|2gcpds |
| 691 | 07|aAccord fédéral-provincial|2gcpds |
| 691 | 07|aSoin du nouveau-né|2gcpds |
| 691 | 07|aSoins périnataux|2gcpds |
| 691 | 07|aArt d'être parent|2gcpds |
| 691 | 07|aEnfant|2gcpds |
| 691 | 07|aFamille|2gcpds |
| 691 | 07|aÉducation|2gcpds |
| 691 | 07|aSanté de l'enfant|2gcpds |
| 710 | 2 |aSanté Canada. |
| 710 | 1 |aCanada. |bAffaires indiennes et du Nord Canada. |
| 776 | 0#|tActivités et dépenses relatives au développement de la petite enfance |w(CaOODSP)9.630844 |
| 776 | 0#|tEarly childhood development activities and expenditures |w(CaOODSP)9.686373 |
| 791 | |tEarly childhood development activities and expenditures : |eeng|w(CaOODSP)9.664129 |
| 986 | |aSP-544-11-02 |